Tisztelt olvasó
Elmentve itt :
| Szerző: | |
|---|---|
| Adatforrás: | Meister |
| Forrásdokumentuma: | Magyar Kisebbség. - 1 sz., 1995, 3-5 p. |
| Nyelv: | magyar |
| Kulcsszavak: | sajtótörténet sajtó Magyar Kisebbség |
| LEADER | 00374nab a2200145 i 4500 | ||
|---|---|---|---|
| 001 | bibPRO00001611 | ||
| 008 | 060524s1995 xx hun | ||
| 040 | |a Sz1 | ||
| 041 | |a hun | ||
| 100 | 1 | |a TAMÁS Sándor | |
| 245 | 1 | 0 | |a Tisztelt olvasó |c TAMÁS Sándor |
| 695 | |a sajtótörténet | ||
| 695 | |a sajtó | ||
| 695 | |a Magyar Kisebbség | ||
| 773 | 0 | |t Magyar Kisebbség. - |g 1 sz., 1995, 3-5 p. | |